The paramedic / (Record no. 116653)

MARC details
000 -LEADER
fixed length control field 00843cam a22002894a 4500
005 - DATE AND TIME OF LATEST TRANSACTION
control field 20230123114814.0
008 - FIXED-LENGTH DATA ELEMENTS--GENERAL INFORMATION
fixed length control field
020 ## - INTERNATIONAL STANDARD BOOK NUMBER
International Standard Book Number 9780073520711 (hbk.)
040 ## - CATALOGING SOURCE
Transcribing agency NUST
049 ## - LOCAL HOLDINGS (OCLC)
Holding library MAIN
090 ## - LOCALLY ASSIGNED LC-TYPE CALL NUMBER (OCLC); LOCAL CALL NUMBER (RLIN)
Classification number (OCLC) (R) ; Classification number, CALL (RLIN) (NR) RC86.7
Local cutter number (OCLC) ; Book number/undivided call number, CALL (RLIN) CHA
100 ## - MAIN ENTRY--PERSONAL NAME
Personal name Chapleau, Will.
245 04 - TITLE STATEMENT
Title The paramedic /
Statement of responsibility, etc. Will Chapleau ... [et al.]
250 ## - EDITION STATEMENT
Edition statement 1st ed.
260 ## - PUBLICATION, DISTRIBUTION, ETC.
Place of publication, distribution, etc. Newyork :
Name of publisher, distributor, etc. McGraw-Hill,
Date of publication, distribution, etc. 2009.
300 ## - PHYSICAL DESCRIPTION
Extent xLvi, 1426p. :bill. ;
Dimensions 29cm.
500 ## - GENERAL NOTE
General note Includes index.
504 ## - BIBLIOGRAPHY, ETC. NOTE
Bibliography, etc. note Includes bibliographical references.
650 #0 - SUBJECT ADDED ENTRY--TOPICAL TERM
Topical term or geographic name entry element Medical emergencies.
650 #0 - SUBJECT ADDED ENTRY--TOPICAL TERM
Topical term or geographic name entry element Emergency medical technicians.
650 22 - SUBJECT ADDED ENTRY--TOPICAL TERM
Topical term or geographic name entry element Emergency Medical Services.
700 1# - ADDED ENTRY--PERSONAL NAME
Personal name Burba, Angel C.
700 ## - ADDED ENTRY--PERSONAL NAME
Personal name Page, David
700 ## - ADDED ENTRY--PERSONAL NAME
Personal name Pons, Peter T.
907 ## - LOCAL DATA ELEMENT G, LDG (RLIN)
a .b10291325
b 09-03-11
c 15-02-11
942 ## - ADDED ENTRY ELEMENTS (KOHA)
Koha item type Ordinary Loan Books
Call number prefix RC86.7
Call number suffix CHA
Holdings
Date last seen Total Checkouts Full call number Barcode Cost, replacement price Price effective from Koha item type Lost status Source of classification or shelving scheme Damaged status Not for loan Collection Withdrawn status Home library Current library Shelving location Date acquired Cost, normal purchase price
01/23/2023   RC86.7 CHA 92004015036 80.00 01/23/2023 BOOKS-SL   LCC     NFIC   MEDICAL MEDICAL GEN 01/23/2023 80.00
01/20/2023   RC86.7 CHA 92004015025 80.00 01/20/2023 BOOKS-SL   LCC     NFIC   Medical Medical GEN 01/20/2023 80.00
01/20/2023   RC86.7 CHA 92004015482 80.00 01/20/2023 BOOKS-SL   LCC     NFIC   Medical Medical GEN 01/20/2023 80.00
01/20/2023   RC86.7 CHA 92004015032 80.00 01/20/2023 BOOKS-SL   LCC     NFIC   Medical Medical GEN 01/20/2023 80.00
01/20/2023   RC86.7 CHA 92004015037 80.00 01/20/2023 BOOKS-SL   LCC     NFIC   Medical Medical GEN 01/20/2023 80.00
01/20/2023   RC86.7 CHA 92004015030 80.00 01/20/2023 BOOKS-SL   LCC     NFIC   Medical Medical GEN 01/20/2023 80.00
01/20/2023   RC86.7 CHA 92004015479 80.00 01/20/2023 BOOKS-SL   LCC     NFIC   Medical Medical GEN 01/20/2023 80.00
01/20/2023   RC86.7 CHA 92004015474 80.00 01/20/2023 BOOKS-SL   LCC     NFIC   Medical Medical GEN 01/20/2023 80.00
01/20/2023   RC86.7 CHA 92004015035 80.00 01/20/2023 BOOKS-SL   LCC     NFIC   Medical Medical GEN 01/20/2023 80.00
01/20/2023   RC86.7 CHA 92004015011 80.00 01/20/2023 BOOKS-SL   LCC     NFIC   Medical Medical GEN 01/20/2023 80.00
01/20/2023   RC86.7 CHA 92004018756 80.00 01/20/2023 BOOKS-SL   LCC     NFIC   Medical Medical GEN 01/20/2023 80.00